[Event "XXVI Ogolnopolska Olimpiada Mlodziezy"]
[Site "Pulawy"]
[Date "2020.10.11"]
[Round "9.16"]
[White "Kusiak, Mateusz"]
[Black "Zdybel, Przemyslaw"]
[Result "0-1"]
[WhiteElo "1578"]
[BlackElo "1938"]
[PlyCount "90"]
[EventDate "2020.10.04"]
[EventType "swiss"]
[Tiebreak "Sum of Buchholz+Median1 Buchholz+Sonneborn-Berger (Swiss)"]

1. e4 c5 2. Nf3 d6 3. d4 cxd4 4. Qxd4 a6 5. c4 Nc6 6. Qe3 g6 7. Be2 Bg7 8. h3
Nf6 9. O-O O-O 10. Nc3 Nd7 11. Rb1 a5 12. b3 Nc5 13. a3 f5 14. Ng5 h6 15. b4
axb4 16. axb4 hxg5 17. bxc5 f4 18. Qd3 dxc5 19. Nd5 Nd4 20. Bf3 Ra2 21. Ba3 e6
22. Nb6 Qc7 23. e5 Rd8 24. Qxg6 Nxf3+ 25. gxf3 Rxa3 26. Rfd1 Ra6 27. Rd6 Rf8
28. Qe4 Kh8 29. Nxc8 Qxc8 30. Rxb7 Rxd6 31. exd6 Rd8 32. Rc7 Qa6 33. d7 Qd6 34.
Qb7 Kh7 35. Qe4+ Kg8 36. Qb7 Kf7 37. Rc8 Rxd7 38. Qa8 Bf8 39. Rc6 Qd3 40. Kg2
Qxc4 41. Rc8 Bg7 42. Rg8 Re7 43. Qd8 Qd4 44. Qc8 c4 45. Rd8 Qb6 0-1

[Event "XXVI Ogolnopolska Olimpiada Mlodziezy"]
[Site "Pulawy"]
[Date "2020.10.11"]
[Round "9.16"]
[White "Niedorys, Karolina"]
[Black "Lajdamik, Anna"]
[Result "1/2-1/2"]
[WhiteElo "1364"]
[BlackElo "1292"]
[PlyCount "70"]
[EventDate "2020.10.04"]
[EventType "swiss"]
[Tiebreak "Sum of Buchholz+Median1 Buchholz+Sonneborn-Berger (Swiss)"]

1. e4 c6 2. d4 d5 3. exd5 cxd5 4. Bd3 Nc6 5. c3 Nf6 6. Nf3 Bg4 7. O-O e6 8. Bf4
Be7 9. Nbd2 O-O 10. h3 Bh5 11. Re1 a6 12. Qc2 Rc8 13. Be5 Nb4 14. Qb1 Nxd3 15.
Qxd3 Bg6 16. Qe2 b5 17. a3 Qb6 18. Nh4 a5 19. Nxg6 hxg6 20. Rec1 b4 21. axb4
axb4 22. c4 dxc4 23. Nxc4 Qb5 24. b3 Nd7 25. Ra5 Qb7 26. Rca1 Ra8 27. Qf3 Qxf3
28. gxf3 Rxa5 29. Rxa5 Nxe5 30. Nxe5 Rc8 31. Ra7 Bf6 32. Rb7 Bxe5 33. dxe5 Rc5
34. Rb8+ Kh7 35. Rxb4 Rxe5 1/2-1/2

[Event "XXVI Ogolnopolska Olimpiada Mlodziezy"]
[Site "Pulawy"]
[Date "2020.10.11"]
[Round "9.16"]
[White "Zgoda, Aleksandra"]
[Black "Makarec, Anna"]
[Result "1-0"]
[WhiteElo "1268"]
[BlackElo "1103"]
[PlyCount "107"]
[EventDate "2020.10.04"]
[EventType "swiss"]
[Tiebreak "Sum of Buchholz+Median1 Buchholz+Sonneborn-Berger (Swiss)"]

1. e4 e5 2. Nf3 Nc6 3. Bb5 a6 4. Ba4 Nf6 5. O-O Be7 6. Re1 b5 7. Bb3 d6 8. h3
Na5 9. c3 Nxb3 10. Qxb3 Bb7 11. Qc2 O-O 12. d4 Nd7 13. Nbd2 Re8 14. Nf1 Bf8 15.
Ng3 Nf6 16. Bg5 h6 17. Bxf6 Qxf6 18. Rad1 Rad8 19. c4 c6 20. b3 Qe7 21. d5 c5
22. a3 Rc8 23. Qe2 Qd7 24. Nh4 Be7 25. Nhf5 Bg5 26. Qg4 Qd8 27. h4 g6 28. Nxd6
Qxd6 29. hxg5 h5 30. Qf3 Red8 31. Qe3 Rc7 32. Ne2 Re7 33. f4 exf4 34. Nxf4 Rde8
35. Qf3 Kg7 36. Nd3 bxc4 37. bxc4 a5 38. e5 Qb6 39. Qf6+ Qxf6 40. gxf6+ Kf8 41.
fxe7+ Rxe7 42. d6 Rd7 43. Nxc5 Bc6 44. Nxd7+ Bxd7 45. c5 a4 46. Rc1 Bc6 47. e6
fxe6 48. Rxe6 Kf7 49. Re7+ Kf8 50. Rf1+ Kg8 51. d7 Bxd7 52. Rxd7 g5 53. Rb1 Kf8
54. Rb8# 1-0

[Event "XXVI Ogolnopolska Olimpiada Mlodziezy"]
[Site "Pulawy"]
[Date "2020.10.11"]
[Round "9.16"]
[White "Zieba, Hubert"]
[Black "Musin, Pawel"]
[Result "1-0"]
[WhiteElo "1424"]
[BlackElo "1372"]
[PlyCount "92"]
[EventDate "2020.10.04"]
[EventType "swiss"]
[Tiebreak "Sum of Buchholz+Median1 Buchholz+Sonneborn-Berger (Swiss)"]

1. c4 e5 2. Nc3 Nf6 3. g3 Bb4 4. Bg2 O-O 5. Nd5 Bd6 6. d3 c6 7. Nxf6+ Qxf6 8.
e4 Bb4+ 9. Bd2 Bxd2+ 10. Qxd2 d6 11. Ne2 Qe7 12. O-O Bg4 13. Rae1 f5 14. f4 Qc7
15. Nc3 fxe4 16. Bxe4 Nd7 17. Kg2 Bf5 18. Bxf5 Rxf5 19. d4 exf4 20. Rxf4 Rxf4
21. Qxf4 Rf8 22. Qg4 Nb6 23. b3 Qd7 24. Qxd7 Nxd7 25. d5 Nf6 26. dxc6 bxc6 27.
Ne4 Nxe4 28. Rxe4 Rf6 29. Re7 Rf7 30. Re8+ Rf8 31. Rxf8+ Kxf8 32. Kf3 Kf7 33.
Ke4 Ke6 34. b4 a6 35. a4 d5+ 36. cxd5+ cxd5+ 37. Kd4 Kd6 38. b5 axb5 39. axb5
g6 40. g4 h5 41. g5 h4 42. h3 Ke6 43. b6 Kf5 44. b7 Kxg5 45. b8=Q Kh5 46. Kxd5
Kg5 1-0

[Event "XXVI Ogolnopolska Olimpiada Mlodziezy"]
[Site "Pulawy"]
[Date "2020.10.11"]
[Round "9.17"]
[White "Myrmus, Mateusz"]
[Black "Zalega, Maciej"]
[Result "0-1"]
[WhiteElo "1826"]
[BlackElo "1713"]
[PlyCount "99"]
[EventDate "2020.10.04"]
[EventType "swiss"]
[Tiebreak "Sum of Buchholz+Median1 Buchholz+Sonneborn-Berger (Swiss)"]

1. e4 c5 2. c3 Nf6 3. e5 Nd5 4. d4 cxd4 5. Nf3 Nc6 6. cxd4 d6 7. Bc4 e6 8. O-O
Be7 9. Re1 O-O 10. Qe2 Qc7 11. Nc3 Nxc3 12. bxc3 dxe5 13. dxe5 b6 14. Bd3 Rd8
15. Ng5 g6 16. Qf3 Bf8 17. Bf4 Bb7 18. Qg3 Bg7 19. Re3 Ne7 20. c4 h6 21. Ne4
Rxd3 22. Nf6+ Bxf6 23. exf6 Rxe3 24. fxe3 Nf5 25. Bxc7 Nxg3 26. Bxg3 Rd8 27.
Be1 g5 28. Rc1 Kh7 29. c5 bxc5 30. Rxc5 Rd1 31. Kf2 Bxg2 32. Rc7 Kg6 33. Rxa7
Bd5 34. h4 Rc1 35. hxg5 Rc2+ 36. Kf1 hxg5 37. a4 Kxf6 38. a5 Kg6 39. Rd7 f5 40.
Bg3 Kh5 41. Be5 Kg4 42. Ke1 Kf3 43. a6 Kxe3 44. Kd1 Ra2 45. a7 f4 46. Rc7 g4
47. Ke1 Ke4 48. Bd6 Ra1+ 49. Kf2 g3+ 50. Kg2 0-1

[Event "XXVI Ogolnopolska Olimpiada Mlodziezy"]
[Site "Pulawy"]
[Date "2020.10.11"]
[Round "9.17"]
[White "Oleksiuk, Anna"]
[Black "Dallemura, Julia"]
[Result "0-1"]
[WhiteElo "1167"]
[BlackElo "1133"]
[PlyCount "132"]
[EventDate "2020.10.04"]
[EventType "swiss"]
[Tiebreak "Sum of Buchholz+Median1 Buchholz+Sonneborn-Berger (Swiss)"]

1. e4 e5 2. d4 exd4 3. c3 dxc3 4. Nxc3 Bb4 5. Bc4 Qe7 6. Qd3 Nc6 7. Nf3 Ne5 8.
Nxe5 Qxe5 9. a3 Bxc3+ 10. bxc3 Nf6 11. f3 d5 12. Bxd5 Nxd5 13. Qxd5 Qxc3+ 14.
Kf2 Qxa1 15. Rd1 O-O 16. Bg5 Qb2+ 17. Rd2 Qb6+ 18. Be3 Qe6 19. Qd8 h6 20. Qxc7
b6 21. Qg3 Ba6 22. Rd6 Qa2+ 23. Rd2 Qc4 24. Qg4 Qe6 25. Qg3 Qg6 26. Qe5 Rfe8
27. Qb2 Red8 28. Bd4 Rac8 29. h3 Qc6 30. Kg3 Qc1 31. Qxc1 Rxc1 32. Be3 Rxd2 33.
Bxd2 Rc2 34. Bf4 Bf1 35. Kh4 Bxg2 36. Kg3 Bf1 37. Kh4 Rc3 38. Kg4 Rxa3 39. Bd6
Rc3 40. Bb4 Rb3 41. Bd2 Be2 42. Kf5 Rxf3+ 43. Ke5 Rxh3 44. Kf4 Rd3 45. Be3 g5+
46. Ke5 Rxe3 47. Kd4 Rb3 48. Ke5 Bf3 49. Kd4 Bxe4 50. Kxe4 g4 51. Kd5 Rd3+ 52.
Kc4 Rd8 53. Kc3 g3 54. Kb4 g2 55. Kb5 a5 56. Ka4 g1=Q 57. Kb5 Qf1+ 58. Kc6 Qc1+
59. Kb7 Rc8 60. Ka6 Qc7 61. Kb5 Ra8 62. Ka4 Qc4+ 63. Ka3 Qb4+ 64. Ka2 a4 65.
Ka1 a3 66. Ka2 Qb2# 0-1

[Event "XXVI Ogolnopolska Olimpiada Mlodziezy"]
[Site "Pulawy"]
[Date "2020.10.11"]
[Round "9.17"]
[White "Olszewska, Wiktoria"]
[Black "Tim, Anna"]
[Result "0-1"]
[WhiteElo "1317"]
[BlackElo "1237"]
[PlyCount "94"]
[EventDate "2020.10.04"]
[EventType "swiss"]
[Tiebreak "Sum of Buchholz+Median1 Buchholz+Sonneborn-Berger (Swiss)"]

1. e4 e6 2. d4 d5 3. Nd2 c5 4. exd5 exd5 5. Bb5+ Nc6 6. Ngf3 Bd6 7. dxc5 Bxc5
8. O-O Nge7 9. Nb3 Bd6 10. Re1 O-O 11. Bg5 h6 12. Be3 a6 13. Be2 Nf5 14. Bf1
Re8 15. Qd2 Be6 16. Nbd4 Ncxd4 17. Nxd4 Nxd4 18. Bxd4 Rc8 19. c3 Qc7 20. g3 Bc5
21. Bg2 Red8 22. Rad1 b5 23. Bxc5 Qxc5 24. Re5 Qd6 25. Qd4 Rc4 26. Qe3 d4 27.
cxd4 Rxd4 28. Rxd4 Qxd4 29. Qxd4 Rxd4 30. Re1 Bxa2 31. Bb7 Rd2 32. Bxa6 Rxb2
33. Bb7 b4 34. Be4 Bc4 35. Bb1 g6 36. Kg2 Bd5+ 37. Kf1 b3 38. Bd3 Rd2 39. Bb1
Bf3 40. Re3 b2 41. Re1 Bg4 42. h4 Bf5 43. Ba2 Rc2 44. Re8+ Kg7 45. Re1 Bd3+ 46.
Kg2 Rc1 47. Rg1 Ra1 0-1

[Event "XXVI Ogolnopolska Olimpiada Mlodziezy"]
[Site "Pulawy"]
[Date "2020.10.11"]
[Round "9.17"]
[White "Stanik, Szymon"]
[Black "Duda, Leon"]
[Result "0-1"]
[WhiteElo "1201"]
[BlackElo "1388"]
[PlyCount "119"]
[EventDate "2020.10.04"]
[EventType "swiss"]
[Tiebreak "Sum of Buchholz+Median1 Buchholz+Sonneborn-Berger (Swiss)"]

1. f4 c5 2. Nf3 d5 3. g3 Nc6 4. Bg2 e6 5. O-O Nf6 6. d3 Be7 7. Nbd2 O-O 8. e4
dxe4 9. Nxe4 Rb8 10. h3 Nd4 11. Ne5 Nf5 12. Kh2 Nd5 13. Qe2 Nd4 14. Qd1 b6 15.
c3 Nf5 16. Nc6 Qc7 17. Nxe7+ Qxe7 18. Qf3 Bb7 19. Qe2 Rfd8 20. Rd1 Nf6 21.
Nxf6+ Qxf6 22. Bxb7 Rxb7 23. Qf3 Rbd7 24. Kg2 Qg6 25. Kf2 Nd6 26. Kf1 Ne4 27.
g4 Nf6 28. Ke2 h5 29. g5 Nd5 30. a4 Qf5 31. a5 e5 32. axb6 axb6 33. Ra4 Nxf4+
34. Bxf4 exf4 35. Rxf4 Qxg5 36. Re4 Re7 37. Rxe7 Qxe7+ 38. Kd2 Qg5+ 39. Kc2 Qg6
40. Qe2 c4 41. b4 cxd3+ 42. Rxd3 Rxd3 43. Qxd3 Qxd3+ 44. Kxd3 g5 45. c4 Kf8 46.
c5 bxc5 47. bxc5 Ke7 48. Ke4 g4 49. hxg4 hxg4 50. c6 Kd6 51. Kf4 f5 52. Kg3
Kxc6 53. Kf4 Kd5 54. Kg3 Ke4 55. Kf2 f4 56. Ke2 g3 57. Kf1 Ke3 58. Kg2 f3+ 59.
Kh1 Ke2 60. Kg1 0-1

[Event "XXVI Ogolnopolska Olimpiada Mlodziezy"]
[Site "Pulawy"]
[Date "2020.10.11"]
[Round "9.18"]
[White "Karwot, Marek"]
[Black "Zmuda, Tomasz"]
[Result "0-1"]
[WhiteElo "1362"]
[BlackElo "1309"]
[PlyCount "70"]
[EventDate "2020.10.04"]
[EventType "swiss"]
[Tiebreak "Sum of Buchholz+Median1 Buchholz+Sonneborn-Berger (Swiss)"]

1. e4 c5 2. Nf3 a6 3. c3 d5 4. exd5 Qxd5 5. d4 Bg4 6. Be2 e6 7. h3 Bh5 8. Bf4
Nc6 9. dxc5 Qxd1+ 10. Bxd1 Bxc5 11. Nbd2 O-O-O 12. Ne4 Be7 13. Ng3 Bxf3 14.
Bxf3 g5 15. Be3 f5 16. Bb6 Rd7 17. O-O Nf6 18. Rfe1 Rd2 19. b3 Kd7 20. Rad1
Rxd1 21. Rxd1+ Kc8 22. Be2 Nd5 23. Bd4 Nxd4 24. Rxd4 Bf6 25. Rc4+ Kb8 26. Bf3
Nxc3 27. Rb4 b5 28. a4 Na2 29. Ne4 Nxb4 30. Nxf6 Kc7 31. Be2 bxa4 32. bxa4 a5
33. Bc4 Kd6 34. Nh5 Rc8 35. Bb3 Rc3 0-1

[Event "XXVI Ogolnopolska Olimpiada Mlodziezy"]
[Site "Pulawy"]
[Date "2020.10.11"]
[Round "9.18"]
[White "Kokot, Agnieszka"]
[Black "Pastuszko, Katarzyna"]
[Result "1-0"]
[WhiteElo "1244"]
[BlackElo "1251"]
[PlyCount "59"]
[EventDate "2020.10.04"]
[EventType "swiss"]
[Tiebreak "Sum of Buchholz+Median1 Buchholz+Sonneborn-Berger (Swiss)"]

1. d4 d5 2. Nf3 Nf6 3. Bf4 e6 4. e3 c5 5. c3 Nc6 6. Bd3 Bd6 7. Bg3 O-O 8. Ne5
Qc7 9. f4 b6 10. Nd2 Ne7 11. O-O Bb7 12. Qf3 Nf5 13. Bf2 h5 14. Qh3 g6 15. Bxf5
exf5 16. Bh4 Bxe5 17. fxe5 Ne4 18. Nxe4 fxe4 19. Bf6 Qc8 20. Qh4 Qg4 21. Qxg4
hxg4 22. Rf4 Bc8 23. h3 g5 24. Bxg5 Be6 25. Bf6 Kh7 26. hxg4 Kg6 27. Kf2 cxd4
28. exd4 b5 29. Rh1 Rac8 30. g5 1-0

[Event "XXVI Ogolnopolska Olimpiada Mlodziezy"]
[Site "Pulawy"]
[Date "2020.10.11"]
[Round "9.18"]
[White "Podlewski, Szymon"]
[Black "Malinowski, Szymon"]
[Result "0-1"]
[WhiteElo "1526"]
[BlackElo "1740"]
[PlyCount "54"]
[EventDate "2020.10.04"]
[EventType "swiss"]
[Tiebreak "Sum of Buchholz+Median1 Buchholz+Sonneborn-Berger (Swiss)"]

1. c4 e5 2. Nc3 Nf6 3. g3 d5 4. cxd5 Nxd5 5. Bg2 Be6 6. Nf3 Nc6 7. d3 Be7 8.
O-O O-O 9. Re1 Nb6 10. Be3 f5 11. Qc1 h6 12. h4 Bf6 13. Bd2 Nd4 14. Nh2 Rb8 15.
e3 Nc6 16. Bf1 g5 17. hxg5 hxg5 18. f4 g4 19. a3 Kg7 20. Kg2 Rh8 21. Be2 Nd5
22. e4 exf4 23. Bxf4 Nxf4+ 24. Qxf4 Be5 25. Qf2 Bd4 26. Qf4 Rxh2+ 27. Kxh2 Qh8+
0-1

[Event "XXVI Ogolnopolska Olimpiada Mlodziezy"]
[Site "Pulawy"]
[Date "2020.10.11"]
[Round "9.19"]
[White "Grzadka, Artur"]
[Black "Wydmanski, Szymon"]
[Result "0-1"]
[WhiteElo "1723"]
[BlackElo "1598"]
[PlyCount "54"]
[EventDate "2020.10.04"]
[EventType "swiss"]
[Tiebreak "Sum of Buchholz+Median1 Buchholz+Sonneborn-Berger (Swiss)"]

1. e4 c5 2. Nf3 d6 3. d4 cxd4 4. Nxd4 Nf6 5. f3 a6 6. c4 Nc6 7. Be3 Nxd4 8.
Qxd4 e5 9. Qd2 Be7 10. Be2 O-O 11. O-O Be6 12. Nc3 Rc8 13. Nd5 Nxd5 14. cxd5
Bd7 15. a4 f5 16. Qb4 f4 17. Ba7 Qc7 18. Bb6 Qc2 19. Rf2 Bh4 20. g3 fxg3 21.
hxg3 Bxg3 22. Rg2 Bf4 23. Bd1 Qc4 24. Qxd6 Bh3 25. Re2 Rf6 26. Qa3 Rg6+ 27. Kf2
Rxb6 0-1

[Event "XXVI Ogolnopolska Olimpiada Mlodziezy"]
[Site "Pulawy"]
[Date "2020.10.11"]
[Round "9.19"]
[White "Murawski, Milosz"]
[Black "Bartnik, Michal"]
[Result "0-1"]
[WhiteElo "1351"]
[BlackElo "1278"]
[PlyCount "124"]
[EventDate "2020.10.04"]
[EventType "swiss"]
[Tiebreak "Sum of Buchholz+Median1 Buchholz+Sonneborn-Berger (Swiss)"]

1. d4 Nf6 2. c4 c5 3. e3 cxd4 4. exd4 e6 5. Nc3 Bb4 6. a3 Bxc3+ 7. bxc3 O-O 8.
Nf3 d5 9. Be2 h6 10. O-O Qc7 11. c5 Nbd7 12. Bd2 b6 13. cxb6 Nxb6 14. Bd3 Bd7
15. Ne5 Nc4 16. Bxc4 dxc4 17. Bf4 Nd5 18. Qg4 Nxf4 19. Qxf4 f6 20. Ng6 Qxf4 21.
Nxf4 Rab8 22. Rab1 Rb3 23. Rxb3 cxb3 24. Rb1 e5 25. dxe5 Rb8 26. e6 Bc8 27. h3
g5 28. e7 Kf7 29. Nd5 a5 30. a4 Bd7 31. Ne3 Kxe7 32. Nc4 Bxa4 33. Nxa5 Kd6 34.
Nc4+ Kc5 35. Nb2 Be8 36. Kf1 Bf7 37. Ra1 Kb5 38. Ra4 Rc8 39. Rb4+ Ka5 40. Ra4+
Kb5 41. Rb4+ Kc5 42. Ke2 Re8+ 43. Kd2 Rd8+ 44. Ke2 Re8+ 45. Kd2 Rd8+ 46. Ke2
Ra8 47. Nd3+ Kc6 48. Nc1 Ra3 49. g3 b2 50. Rxb2 Rxc3 51. Nd3 Bc4 52. Rd2 Kd5
53. Ke3 f5 54. f4 gxf4+ 55. gxf4 h5 56. h4 Ra3 57. Rd1 Rc3 58. Rd2 Bb5 59. Rd1
Kc4 60. Ke2 Kd4 61. Rd2 Bc6 62. Rd1 Bb5 0-1

[Event "XXVI Ogolnopolska Olimpiada Mlodziezy"]
[Site "Pulawy"]
[Date "2020.10.11"]
[Round "9.19"]
[White "Wiecek, Karolina"]
[Black "Biniak, Zuzanna"]
[Result "0-1"]
[WhiteElo "1438"]
[BlackElo "1339"]
[PlyCount "92"]
[EventDate "2020.10.04"]
[EventType "swiss"]
[Tiebreak "Sum of Buchholz+Median1 Buchholz+Sonneborn-Berger (Swiss)"]

1. d4 Nf6 2. c4 d6 3. Nc3 g6 4. e4 Bg7 5. Nf3 O-O 6. Be2 Nbd7 7. O-O e5 8. Bg5
c6 9. Qd2 Re8 10. d5 c5 11. Nb5 Qb6 12. Bd3 a6 13. Nc3 Qc7 14. a3 Nb6 15. Ne1
Nh5 16. Be2 Nf6 17. Nc2 Bd7 18. Ne3 Na4 19. Bxf6 Bxf6 20. Nxa4 Bxa4 21. b4 b5
22. cxb5 Bxb5 23. bxc5 Qxc5 24. Bxb5 Qxb5 25. Rfb1 Qd7 26. Rb6 Reb8 27. Nc4 Be7
28. Rab1 Qc7 29. Qa5 Rxb6 30. Nxb6 Rb8 31. Qxa6 Bd8 32. a4 Rxb6 33. Qxb6 Qxb6
34. Rxb6 Bxb6 35. Kf1 f5 36. f3 Kf7 37. Ke2 Kf6 38. Kd3 Kg5 39. g3 Kf6 40. Kc4
fxe4 41. fxe4 Bg1 42. a5 Bxh2 43. a6 Bg1 44. Kb5 h5 45. Kc6 Ke7 46. Kb7 g5 0-1

[Event "XXVI Ogolnopolska Olimpiada Mlodziezy"]
[Site "Pulawy"]
[Date "2020.10.11"]
[Round "9.20"]
[White "Hryniewicz, Maciej"]
[Black "Glaz, Michal"]
[Result "1-0"]
[WhiteElo "1277"]
[BlackElo "1180"]
[PlyCount "83"]
[EventDate "2020.10.04"]
[EventType "swiss"]
[Tiebreak "Sum of Buchholz+Median1 Buchholz+Sonneborn-Berger (Swiss)"]

1. e4 c5 2. Nf3 e6 3. d4 cxd4 4. Nxd4 a6 5. Bd3 Bc5 6. Nb3 Be7 7. O-O d6 8. c4
b6 9. Nc3 Nf6 10. Nd4 Bb7 11. Be3 O-O 12. Qe2 Nbd7 13. f4 Qc7 14. b4 Rad8 15.
a3 Rfe8 16. h3 d5 17. e5 dxc4 18. Bxc4 Nd5 19. Nxd5 Bxd5 20. Bxa6 f6 21. Rac1
Qb8 22. Bc4 fxe5 23. Bxd5 exd4 24. Bxe6+ Kh8 25. Bxd4 Nf8 26. Be5 Qa8 27. Bf7
Ng6 28. Bxe8 Rxe8 29. Kh1 Qxa3 30. Qb5 Rd8 31. Qxb6 Rd3 32. Rc8+ Bf8 33. Qc5
Rxh3+ 34. Kg1 h6 35. Rxf8+ Kh7 36. Rd8 Rg3 37. f5 Rxg2+ 38. Kxg2 Nh4+ 39. Kg1
Nf3+ 40. Rxf3 Qxf3 41. Rh8+ Kxh8 42. Qf8+ 1-0

[Event "XXVI Ogolnopolska Olimpiada Mlodziezy"]
[Site "Pulawy"]
[Date "2020.10.11"]
[Round "9.20"]
[White "Kejna, Piotr"]
[Black "Jarocki, Gabriel"]
[Result "1/2-1/2"]
[WhiteElo "1772"]
[BlackElo "1510"]
[PlyCount "69"]
[EventDate "2020.10.04"]
[EventType "swiss"]
[Tiebreak "Sum of Buchholz+Median1 Buchholz+Sonneborn-Berger (Swiss)"]

1. e4 c6 2. d4 d5 3. Nc3 dxe4 4. Nxe4 Bf5 5. Ng3 Bg6 6. h4 h6 7. Nh3 Nd7 8. Nf4
Bh7 9. Bc4 Ngf6 10. c3 e6 11. Qe2 Bd6 12. O-O Qe7 13. Ngh5 O-O 14. Re1 Nxh5 15.
Qxh5 Nf6 16. Qf3 Kh8 17. Bd2 c5 18. Bxe6 fxe6 19. Nxe6 cxd4 20. Nxf8 Qxf8 21.
cxd4 b6 22. Re6 Rd8 23. Bf4 Bg8 24. Rxd6 Rxd6 25. Bxd6 Qxd6 26. Qc3 Nd5 27. Qd2
Ne7 28. Qe3 Nc6 29. Rc1 Qd5 30. a3 Nxd4 31. Rd1 Nf5 32. Rxd5 Nxe3 33. Rd7 Nc4
34. Rxa7 Nxb2 35. Rd7 1/2-1/2

[Event "XXVI Ogolnopolska Olimpiada Mlodziezy"]
[Site "Pulawy"]
[Date "2020.10.11"]
[Round "9.20"]
[White "Peksa, Zuzanna"]
[Black "Pudelko, Magdalena"]
[Result "1/2-1/2"]
[WhiteElo "1267"]
[BlackElo "1382"]
[PlyCount "66"]
[EventDate "2020.10.04"]
[EventType "swiss"]
[Tiebreak "Sum of Buchholz+Median1 Buchholz+Sonneborn-Berger (Swiss)"]

1. e4 c5 2. Nf3 a6 3. d4 cxd4 4. Nxd4 Nf6 5. Nc3 e5 6. Nb3 Bb4 7. Qf3 d6 8. Bd2
b5 9. a3 Bxc3 10. Bxc3 Bb7 11. Bd3 Nbd7 12. O-O O-O 13. Rfe1 Re8 14. Na5 Nc5
15. Nxb7 Nxb7 16. Rad1 Nc5 17. Qg3 Nh5 18. Qg4 Nf4 19. Bf1 Qb6 20. Re3 Re6 21.
g3 Qc6 22. Qf3 Rg6 23. Kh1 Nfe6 24. Bg2 Re8 25. Qe2 Rf8 26. Qe1 Qc7 27. Re2 Na4
28. Ba5 Qc6 29. b3 Nac5 30. Bc3 Rc8 31. Bb2 Nb7 32. Qd2 Re8 33. Re3 Ra8 1/2-1/2

[Event "XXVI Ogolnopolska Olimpiada Mlodziezy"]
[Site "Pulawy"]
[Date "2020.10.11"]
[Round "9.20"]
[White "Semeradt, Michalina"]
[Black "Arabas, Hanna"]
[Result "0-1"]
[WhiteElo "1071"]
[BlackElo "1110"]
[PlyCount "90"]
[EventDate "2020.10.04"]
[EventType "swiss"]
[Tiebreak "Sum of Buchholz+Median1 Buchholz+Sonneborn-Berger (Swiss)"]

1. d4 d5 2. c4 c6 3. Nc3 Nf6 4. Bg5 dxc4 5. e3 b5 6. a4 a6 7. axb5 cxb5 8. Nxb5
axb5 9. Rxa8 Ba6 10. Bf4 Nfd7 11. Qa1 e5 12. dxe5 Bb4+ 13. Ke2 Bb7 14. Ra7 Nxe5
15. Qd1 Qd3+ 16. Qxd3 cxd3+ 17. Kd1 Bd5 18. Bxd3 Nxd3 19. Bxb8 Nxf2+ 20. Ke2
Nxh1 21. Nf3 Bc4+ 22. Kd1 O-O 23. Bg3 Rd8+ 24. Kc2 Nxg3 25. hxg3 Re8 26. Nd2
Bxd2 27. Kxd2 g6 28. Rb7 Rd8+ 29. Kc2 Rd3 30. e4 Rxg3 31. e5 Rxg2+ 32. Kc3 Re2
33. b3 Re3+ 34. Kd4 Rxb3 35. e6 Bxe6 36. Ke5 Kg7 37. Kd6 b4 38. Kc5 h5 39. Rxb4
Rxb4 40. Kxb4 h4 41. Kb5 h3 42. Kc6 h2 43. Kd6 h1=Q 44. Ke7 Qc6 45. Kd8 Qd7#
0-1

[Event "XXVI Ogolnopolska Olimpiada Mlodziezy"]
[Site "Pulawy"]
[Date "2020.10.11"]
[Round "9.21"]
[White "Pieczewska, Jadwiga"]
[Black "Szczotka, Matylda"]
[Result "1/2-1/2"]
[WhiteElo "1060"]
[BlackElo "1306"]
[PlyCount "65"]
[EventDate "2020.10.04"]
[EventType "swiss"]
[Tiebreak "Sum of Buchholz+Median1 Buchholz+Sonneborn-Berger (Swiss)"]

1. c4 e5 2. Nc3 d6 3. g3 g6 4. Bg2 Bg7 5. Nf3 Ne7 6. O-O O-O 7. d3 c6 8. Be3 f5
9. Bd2 Na6 10. a3 Nc7 11. b4 d5 12. cxd5 cxd5 13. e3 h6 14. Ne1 Be6 15. Rb1 Qd6
16. f4 e4 17. d4 Bd7 18. a4 Rfc8 19. Qb3 Rab8 20. b5 Ne6 21. Na2 Nc7 22. Bb4
Qe6 23. Bxe7 Qxe7 24. Nc2 Qd6 25. Nc3 Kh7 26. Rfc1 Bf6 27. Nb4 Be6 28. Rc2 g5
29. Rbc1 Qd8 30. Ne2 g4 31. Rc5 Be7 32. R5c3 Bd6 33. Qc2 1/2-1/2

[Event "XXVI Ogolnopolska Olimpiada Mlodziezy"]
[Site "Pulawy"]
[Date "2020.10.11"]
[Round "9.21"]
[White "Wandor, Adam"]
[Black "Bartoszczuk, Adam"]
[Result "0-1"]
[WhiteElo "1308"]
[BlackElo "1439"]
[PlyCount "144"]
[EventDate "2020.10.04"]
[EventType "swiss"]
[Tiebreak "Sum of Buchholz+Median1 Buchholz+Sonneborn-Berger (Swiss)"]

1. d4 Nf6 2. c4 e6 3. Nc3 Bb4 4. Qc2 O-O 5. Bg5 h6 6. Bh4 Be7 7. e3 d6 8. Bd3
Nfd7 9. Bg3 c5 10. Nb5 e5 11. Nf3 a6 12. Nc3 Nc6 13. d5 Nb4 14. Qd2 Nxd3+ 15.
Qxd3 f5 16. Qd2 Rb8 17. h3 b5 18. cxb5 axb5 19. O-O g5 20. Rfd1 Nf6 21. Nxe5
dxe5 22. d6 f4 23. exf4 exf4 24. dxe7 Qxe7 25. Bh2 b4 26. Nd5 Nxd5 27. Qxd5+
Be6 28. Qe4 Qf7 29. Rd6 Bf5 30. Qc6 Rfc8 31. Qf3 h5 32. g4 hxg4 33. hxg4 Be6
34. Qh3 Rd8 35. Rad1 Rxd6 36. Rxd6 Qe7 37. Qd3 Kg7 38. f3 Ra8 39. a3 bxa3 40.
bxa3 Rxa3 41. Qxa3 Qxd6 42. Qa1+ Qd4+ 43. Qxd4+ cxd4 44. Kf1 Bd5 45. Ke2 d3+
46. Kxd3 Bxf3 47. Kd4 Kf6 48. Bg1 Bxg4 49. Ke4 Bf5+ 50. Kf3 Ke5 51. Bb6 g4+ 52.
Kg2 Be4+ 53. Kh2 Kf5 54. Bd4 Bf3 55. Bf2 Ke4 56. Bg1 Kd3 57. Bf2 Ke2 58. Bh4
Be4 59. Bf2 Kf3 60. Kg1 g3 61. Be1 Kg4 62. Bc3 Kf3 63. Be1 Bd3 64. Bd2 Bf5 65.
Bc1 Bh3 66. Ba3 Kg4 67. Bb4 f3 68. Be1 Kh4 69. Bf2 gxf2+ 70. Kxf2 Kg4 71. Kg1
Kg3 72. Kh1 Bg2+ 0-1

[Event "XXVI Ogolnopolska Olimpiada Mlodziezy"]
[Site "Pulawy"]
[Date "2020.10.11"]
[Round "9.21"]
[White "Wieckowski, Michal"]
[Black "Rzenca, Jerzy"]
[Result "0-1"]
[WhiteElo "1494"]
[BlackElo "1584"]
[PlyCount "52"]
[EventDate "2020.10.04"]
[EventType "swiss"]
[Tiebreak "Sum of Buchholz+Median1 Buchholz+Sonneborn-Berger (Swiss)"]

1. d4 d5 2. c4 c6 3. Nf3 Nf6 4. Qc2 dxc4 5. Qxc4 Qd5 6. Qxd5 Nxd5 7. a3 Bf5 8.
Nbd2 Nf6 9. g3 e6 10. Bg2 Be7 11. O-O h6 12. Re1 Nbd7 13. e4 Bh7 14. Ne5 Nxe5
15. dxe5 Nd7 16. f4 Nc5 17. Re3 Rd8 18. Bf1 Rd4 19. Bg2 Na4 20. Nb3 Rd7 21. Re2
Nc5 22. Nxc5 Rd1+ 23. Kf2 Bxc5+ 24. Kf3 O-O 25. Rd2 Re1 26. Rd3 Bxe4+ 0-1

[Event "XXVI Ogolnopolska Olimpiada Mlodziezy"]
[Site "Pulawy"]
[Date "2020.10.11"]
[Round "9.22"]
[White "Bury, Milosz"]
[Black "Leski, Franciszek"]
[Result "1/2-1/2"]
[WhiteElo "1436"]
[BlackElo "1379"]
[PlyCount "125"]
[EventDate "2020.10.04"]
[EventType "swiss"]
[Tiebreak "Sum of Buchholz+Median1 Buchholz+Sonneborn-Berger (Swiss)"]

1. e4 e6 2. Nf3 d5 3. Nc3 Nf6 4. e5 Nfd7 5. d4 c5 6. dxc5 Bxc5 7. Bd3 h6 8. O-O
O-O 9. a3 Nc6 10. Re1 a6 11. Bf4 f6 12. exf6 Nxf6 13. Bg3 Nh5 14. Re2 Nxg3 15.
hxg3 b5 16. Qd2 Qc7 17. Kh1 Rf6 18. Rae1 Qf7 19. b4 Bb6 20. Nxd5 Qh5+ 21. Kg1
exd5 22. Re8+ Rf8 23. Bh7+ Kxh7 24. Rxf8 Bb7 25. Qd3+ Qg6 26. Qxg6+ Kxg6 27.
Re6+ Kh7 28. Rf7 Bxf2+ 29. Kxf2 Nd8 30. Ree7 Nxf7 31. Rxf7 Bc6 32. Rc7 Be8 33.
Nd4 Kg6 34. Ke3 Kf6 35. g4 Rd8 36. Nf5 h5 37. Nxg7 hxg4 38. Nxe8+ Rxe8+ 39. Kd4
Re2 40. g3 Rg2 41. Kxd5 Rxg3 42. Rc6+ Ke7 43. Rxa6 Rc3 44. Re6+ Kd7 45. Re2 Kc7
46. Kd4 Rf3 47. Re5 Kc6 48. Rg5 g3 49. Rg6+ Kb7 50. Kc5 Rxa3 51. Kxb5 Rc3 52.
Rg7+ Kb8 53. Kb6 Rxc2 54. Rxg3 Rc8 55. Rg7 Rh8 56. Rc7 Rh5 57. Rc6 Rh7 58. b5
Rb7+ 59. Kc5 Rh7 60. Re6 Rc7+ 61. Kd6 Kb7 62. Re8 Rc1 63. Kd5 1/2-1/2

[Event "XXVI Ogolnopolska Olimpiada Mlodziezy"]
[Site "Pulawy"]
[Date "2020.10.11"]
[Round "9.22"]
[White "Kicinska, Magdalena"]
[Black "Zalewska, Malgorzata"]
[Result "1-0"]
[WhiteElo "1216"]
[BlackElo "1201"]
[PlyCount "47"]
[EventDate "2020.10.04"]
[EventType "swiss"]
[Tiebreak "Sum of Buchholz+Median1 Buchholz+Sonneborn-Berger (Swiss)"]

1. d4 Nf6 2. Nf3 e6 3. Bg5 c5 4. e3 Qb6 5. Nbd2 d5 6. Bxf6 gxf6 7. Rb1 Nc6 8.
c3 cxd4 9. Nxd4 e5 10. N4b3 a5 11. Qf3 Ne7 12. a4 Bg7 13. Bb5+ Kf8 14. O-O h5
15. e4 dxe4 16. Nxe4 Bf5 17. Nbc5 Rd8 18. Rbd1 Rxd1 19. Rxd1 Bg4 20. Qxg4 Qxb5
21. Nd7+ Ke8 22. Ndxf6+ Bxf6 23. Nxf6+ Kf8 24. Rd8+ 1-0